[Event "XLV Badalona Open 2019"]
[Site "Badalona"]
[Date "2019.08.05"]
[Round "4.6"]
[White "Bick, Gabriel"]
[Black "Moskalenko, Viktor"]
[Result "1/2-1/2"]
[WhiteElo "2374"]
[BlackElo "2500"]
[Annotator "TA"]
[PlyCount "97"]
[EventDate "2019.08.02"]
[EventType "swiss"]
[EventCountry "ESP"]
[SourceTitle "playchess.com"]
[Source "ChessBase"]
[SourceQuality "1"]

{[%evp 11,97,17,31,29,34,23,35,31,31,31,31,33,39,31,32,37,33,28,21,4,34,14,58,8,0,8,20,23,21,-4,27,0,0,0,0,0,20,28,50,56,53,36,37,34,29,37,70,61,52,66,69,69,69,71,71,71,71,71,77,69,69,69,69,69,91,91,91,91,91,87,87,85,85,77,77,77,77,59,59,59,59,59,59,59,59,0,59,0]} 1. e4 c6 2. d4 d5 3. e5 Bf5 4. Nf3 e6 5. Be2 Ne7 6. O-O h6 7. Nbd2 {B12: Caro-Kann: Advance Variation} Nd7 8. Nb3 (8. c3 g5 9. Ne1 c5 10. Nc2 Nc6 11. Nb3 c4 12. Nd2 Bg6 13. Bh5 Bd3 14. Re1 Bg7 {0-1 (60) Vachier Lagrave,M (2779)-Nakamura,H (2777) chess.com INT 2018}) 8... Bh7 9. a4 Ng6 10. a5 Be7 11. Be3 O-O 12. c4 a6 13. Re1 $146 ({Predecessor:} 13. Nfd2 Nh4 14. f4 f6 15. cxd5 cxd5 {1-0 (44) Kantans,T (2531)-Krupenski,J (2413) Viljandi 2017}) 13... Re8 14. Bf1 Bf8 15. Nbd2 Ne7 16. Qb3 Rb8 17. Bd3 Bxd3 18. Qxd3 dxc4 19. Nxc4 {Nd6 is the strong threat.} Nd5 20. Rec1 f5 21. exf6 Qxf6 22. Re1 Qf5 23. Qb3 Nb4 {With the idea ...Nc2.} 24. Re2 b5 25. axb6 Nxb6 26. Nxb6 Rxb6 27. Ne5 Rb5 28. Qc4 Reb8 29. Nxc6 (29. h3 {is interesting.} Rd5 30. Nxc6 Nxc6 31. Qxc6 a5 32. Qc1) 29... Nxc6 30. Qxc6 Rxb2 31. Rxb2 Rxb2 32. Qxa6 Rb1+ 33. Rxb1 Qxb1+ 34. Qf1 Qe4 35. Qd1 Be7 36. h3 Bf6 37. Qh5 Qd5 38. Qxd5 exd5 $16 {[%mdl 4096] Endgame KB-KB} 39. g4 Kf7 40. Kf1 Kg6 41. Ke2 h5 42. f4 {Strongly threatening f5+.} hxg4 43. hxg4 Bd8 44. f5+ Kf6 $1 45. Kf3 g6 46. Bf2 {Hoping for Bh4+.} Bb6 47. Bh4+ Kf7 48. Bf2 Kf6 49. Bh4+ {Accuracy: White = 62%, Black = 60%.} (49. fxg6 $14 Kxg6 50. Be3) 1/2-1/2

[Event "XLV Badalona Open 2019"]
[Site "Badalona"]
[Date "2019.08.05"]
[Round "4.7"]
[White "Oliva Castaneda, Kevel"]
[Black "Gaprindashvili, Valeriane"]
[Result "1-0"]
[WhiteElo "2467"]
[BlackElo "2368"]
[Annotator "TA"]
[PlyCount "65"]
[EventDate "2019.08.02"]
[EventType "swiss"]
[EventCountry "ESP"]
[SourceTitle "playchess.com"]
[Source "ChessBase"]
[SourceQuality "1"]

{[%evp 18,65,13,0,43,21,37,34,48,17,76,68,71,33,55,64,55,43,81,81,89,66,58,55,109,110,130,130,132,122,252,245,253,239,270,250,268,265,262,256,234,238,239,222,250,245,352,352,340,340]} 1. d4 Nf6 2. c4 e6 3. g3 d5 4. Nf3 dxc4 5. Bg2 c5 6. O-O Nc6 7. dxc5 Qxd1 8. Rxd1 Bxc5 9. Nbd2 c3 10. bxc3 Bd7 {E04: Open Catalan: 5 Nf3} 11. Rb1 O-O-O 12. Ne1 Be7 $146 {White is slightly better.} ({Predecessor:} 12... e5 13. Nd3 Bf5 14. Rb5 Bb6 15. Nc4 Bc7 16. Bg5 a6 17. Rb2 h6 18. Bxf6 gxf6 {1-0 (39) Meier,G (2644)-Bartel,M (2674) Dortmund 2012}) 13. Nd3 Nd5 (13... e5 $11 {remains equal.}) 14. Bb2 $16 f6 15. Nb3 (15. c4 $5 {[%cal Rc4d5]} Nb6 16. c5 $14) 15... Kc7 16. Bxd5 exd5 17. Nf4 $1 h5 18. Nxd5+ Kc8 19. Nxe7+ (19. f3 {is interesting.} Be6 20. c4 Bd6 21. e4 Kb8 22. c5) 19... Nxe7 20. Ba3 Rde8 ({Better is} 20... Nc6 $14) 21. f3 h4 22. Na5 $36 {[%mdl 2048] White is in control.} b6 23. Nc4 {[#] Hoping for Nd6+.} Nf5 (23... Kc7 $16) 24. g4 $18 Rxe2 25. gxf5 Rh5 26. Rb2 Rg5+ 27. Kf1 Rxb2 28. Nd6+ ({Much less strong is} 28. Nxb2 h3 $18) 28... Kc7 29. Bxb2 h3 {and the idea ...Rg2 leaves Black hopeful.} 30. Rd2 Rg2 31. Ne4 Bb5+ (31... Rxd2 $142 32. Nxd2 Bxf5) 32. Ke1 Rg1+ 33. Kf2 {Accuracy: White = 86%, Black = 27%.} 1-0

[Event "XLV Badalona Open 2019"]
[Site "Badalona"]
[Date "2019.08.05"]
[Round "4.8"]
[White "Moncada Correa, Sara"]
[Black "Casares Bonals, Ainhoa"]
[Result "1/2-1/2"]
[WhiteElo "1909"]
[BlackElo "1787"]
[Annotator "NA"]
[PlyCount "72"]
[EventDate "2019.08.02"]
[EventType "swiss"]
[EventCountry "ESP"]
[SourceTitle "playchess.com"]
[Source "ChessBase"]
[SourceQuality "1"]
[TimeControl "5400+30"]

1. d4 Nf6 2. Nf3 {[%emt 0:01:28]} e6 {[%emt 0:00:00]} 3. g3 {[%emt 0:00:44]} b6 4. c4 {[%emt 0:00:24]} Bb7 {[%emt 0:01:26]} 5. Bg2 {[%emt 0:01:38]} Bb4+ {[%emt 0:03:28]} 6. Bd2 {[%emt 0:01:45]} Qe7 {[%emt 0:01:11]} 7. Nc3 {[%emt 0:00:34]} O-O {[%emt 0:02:10]} 8. O-O {[%emt 0:09:13]} c5 {[%emt 0:05:04]} 9. Qc2 {[%emt 0:06:15]} d6 {[%emt 0:03:50]} 10. Rfd1 {[%emt 0:06:24]} Nbd7 {[%emt 0:02:40]} 11. Rac1 {[%emt 0:09:56]} Rac8 {[%emt 0:07:15]} 12. Qb3 {[%emt 0:01:28]} Bxc3 {[%emt 0:02:03]} 13. Bxc3 {[%emt 0:03:14]} Ne4 {[%emt 0:04:03]} 14. Qa3 {[%emt 0:02:57]} a6 {[%emt 0:04:53]} 15. Qb3 {[%emt 0:00:46]} Nxc3 16. Rxc3 {[%emt 0:01:36]} Rb8 {[%emt 0:03:23]} 17. Rcd3 b5 {[%emt 0:01:37]} 18. cxb5 {[%emt 0:05:03]} axb5 {[%emt 0:05:11]} 19. R3d2 {[%emt 0:02:43]} c4 {[%emt 0:01:42]} 20. Qc2 {[%emt 0:00:53]} f5 {[%emt 0:02:31]} 21. Ne1 {[%emt 0:00:38]} Nf6 22. Bxb7 {[%emt 0:00:07]} Qxb7 {[%emt 0:01:37]} 23. e3 {[%emt 0:00:48]} g5 {[%emt 0:08:23]} 24. Re2 {[%emt 0:02:14]} Rbc8 {[%emt 0:02:15]} 25. a3 {[%emt 0:02:15]} Rc7 {[%emt 0:01:16]} 26. Rc1 {[%emt 0:02:43]} Rfc8 {[%emt 0:01:13]} 27. Qc3 {[%emt 0:02:15]} Nd5 28. Qc2 {[%emt 0:00:25]} c3 {[%emt 0:01:28]} 29. Qb3 cxb2 {[%emt 0:01:37]} 30. Rxc7 {[%emt 0:00:43]} Rxc7 31. Rxb2 {[%emt 0:01:39]} Rc1 {[%emt 0:00:52]} 32. Rb1 {[%emt 0:00:04]} Rxb1 {[%emt 0:03:17]} 33. Qxb1 {[%emt 0:04:32]} Qc6 {[%emt 0:03:07]} 34. Qc2 {[%emt 0:05:08]} Nc3 {[%emt 0:01:41]} 35. Nf3 {[%emt 0:03:14]} Qc4 {[%emt 0:05:49]} 36. Ne1 {[%emt 0:01:10]} Qc7 1/2-1/2

[Event "XLV Badalona Open 2019"]
[Site "Badalona"]
[Date "2019.08.05"]
[Round "4.9"]
[White "Fernandez Egea, Andres"]
[Black "Bedoya Rosales, Luis"]
[Result "0-1"]
[WhiteElo "1838"]
[BlackElo "1924"]
[Annotator "NA"]
[PlyCount "102"]
[EventDate "2019.08.02"]
[EventType "swiss"]
[EventCountry "ESP"]
[SourceTitle "playchess.com"]
[Source "ChessBase"]
[SourceQuality "1"]
[TimeControl "5400+30"]

1. e4 {[%emt 0:00:00]} c5 {[%emt 0:02:01]} 2. Nf3 {[%emt 0:00:00]} e6 {[%emt 0:00:07]} 3. d4 {[%emt 0:00:06]} cxd4 {[%emt 0:00:10]} 4. Nxd4 {[%emt 0:04:45]} Nc6 {[%emt 0:00:16]} 5. c4 {[%emt 0:02:22]} Qc7 {[%emt 0:00:07]} 6. Nc3 {[%emt 0:00:30]} a6 {[%emt 0:01:38]} 7. Nxc6 {[%emt 0:05:12]} bxc6 {[%emt 0:01:56]} 8. Bd3 {[%emt 0:00:56]} Nf6 {[%emt 0:30:15]} 9. O-O {[%emt 0:06:30]} Bd6 {[%emt 0:02:16]} 10. f4 {[%emt 0:00:34]} Bc5+ {[%emt 0:00:49]} 11. Kh1 {[%emt 0:05:35]} d6 {[%emt 0:02:01]} 12. Qe2 {[%emt 0:12:14]} Bd4 {[%emt 0:15:03]} 13. Be3 {[%emt 0:00:08]} Bxe3 {[%emt 0:02:23]} 14. Qxe3 {[%emt 0:06:20]} e5 {[%emt 0:00:32]} 15. fxe5 {[%emt 0:00:54]} Ng4 {[%emt 0:00:23]} 16. Qg5 {[%emt 0:13:29]} O-O {[%emt 0:00:51]} 17. Bc2 {[%emt 0:03:26]} Nxe5 {[%emt 0:08:32]} 18. b3 {[%emt 0:03:58]} f6 {[%emt 0:03:05]} 19. Qe3 {[%emt 0:01:00]} Qa7 {[%emt 0:01:53]} 20. Qg3 {[%emt 0:00:30]} Bg4 {[%emt 0:00:30]} 21. h3 {[%emt 0:04:59]} Bh5 {[%emt 0:00:40]} 22. Rf5 {[%emt 0:00:09]} Bg6 {[%emt 0:06:34]} 23. Rf2 {[%emt 0:04:00]} Rfe8 {[%emt 0:00:31]} 24. Rd1 {[%emt 0:05:04]} Rad8 {[%emt 0:03:23]} 25. Ne2 {[%emt 0:00:22]} Bh5 {[%emt 0:00:17]} 26. Rd2 {[%emt 0:01:07]} Bxe2 {[%emt 0:01:57]} 27. Rfxe2 {[%emt 0:03:31]} a5 {[%emt 0:02:45]} 28. Rf2 {[%emt 0:02:42]} Kh8 {[%emt 0:08:30]} 29. Rf5 {[%emt 0:00:41]} Nf7 {[%emt 0:01:11]} 30. Qc3 {[%emt 0:04:59]} Re5 {[%emt 0:01:16]} 31. Rdf2 {[%emt 0:03:44]} Qc5 {[%emt 0:01:48]} 32. h4 {[%emt 0:01:06]} Rde8 {[%emt 0:01:37]} 33. R5f4 {[%emt 0:03:02]} Nd8 {[%emt 0:00:39]} 34. Rd2 {[%emt 0:00:50]} Ne6 {[%emt 0:00:31]} 35. Rf3 {[%emt 0:01:25]} Nd8 {[%emt 0:00:30]} 36. Rf4 {[%emt 0:00:55]} d5 {[%emt 0:00:31]} 37. Qd3 {[%emt 0:00:36]} d4 {[%emt 0:00:18]} 38. Bd1 {[%emt 0:00:36]} Ne6 {[%emt 0:00:29]} 39. Rg4 {[%emt 0:00:10]} h5 {[%emt 0:00:43]} 40. Rg3 {[%emt 0:00:46]} Qb4 {[%emt 0:00:30]} 41. Bf3 {[%emt 0:00:27]} c5 {[%emt 0:00:23]} 42. Qe2 {[%emt 0:00:20]} Nf4 {[%emt 0:00:35]} 43. Qd1 {[%emt 0:00:56]} Ra8 {[%emt 0:00:33]} 44. Qc1 {[%emt 0:00:20]} Ne6 {[%emt 0:00:30]} 45. Qd1 {[%emt 0:00:18]} a4 {[%emt 0:00:29]} 46. Bxh5 {[%emt 0:00:13]} axb3 {[%emt 0:00:30]} 47. axb3 {[%emt 0:00:47]} Nf4 {[%emt 0:00:31]} 48. Bf7 {[%emt 0:00:23]} Rxe4 {[%emt 0:00:29]} 49. Qg4 {[%emt 0:00:12]} g5 {[%emt 0:00:31]} 50. hxg5 {[%emt 0:01:06]} Ra1+ {[%emt 0:00:30]} 51. Kh2 Ree1 0-1

[Event "XLV Badalona Open 2019"]
[Site "Badalona"]
[Date "2019.08.05"]
[Round "4.10"]
[White "Korobitsyna, Olesya"]
[Black "Fabregas Fontanet, Antonio"]
[Result "1-0"]
[WhiteElo "1609"]
[BlackElo "1942"]
[Annotator "NA"]
[PlyCount "63"]
[EventDate "2019.08.02"]
[EventType "swiss"]
[EventCountry "ESP"]
[SourceTitle "playchess.com"]
[Source "ChessBase"]
[SourceQuality "1"]
[TimeControl "5400+30"]

1. d4 Nf6 2. Nf3 d6 3. c4 g6 4. Nc3 Bg7 5. e4 O-O 6. Be2 b6 7. O-O Bb7 8. Qc2 Nbd7 9. Ne1 e5 10. d5 c6 11. Be3 cxd5 12. cxd5 Rc8 13. Qd2 Nc5 14. f3 a6 15. Nd3 Nfd7 16. b4 Nxd3 17. Bxd3 f5 18. Rac1 f4 19. Bf2 g5 20. Qe2 Ra8 21. Rc2 a5 22. Nb5 Rf6 23. Nc7 Rc8 24. Ne6 Qe8 25. bxa5 bxa5 26. Rb1 Ba8 27. Ba6 Rxc2 28. Qxc2 Bf8 29. Qc8 Qf7 30. Qxa8 g4 31. Rb7 gxf3 32. Nxf8 1-0

[Event "XLV Badalona Open 2019"]
[Site "Badalona"]
[Date "2019.08.06"]
[Round "5.1"]
[White "Sturt, Raven"]
[Black "Hernandez, Cristian Andres"]
[Result "1-0"]
[WhiteElo "2429"]
[BlackElo "2355"]
[Annotator "NA"]
[PlyCount "83"]
[EventDate "2019.08.02"]
[EventType "swiss"]
[EventCountry "ESP"]
[SourceTitle "playchess.com"]
[Source "ChessBase"]
[SourceQuality "1"]
[TimeControl "5400+30"]

1. e4 {[%emt 0:09:24]} c5 {[%emt 0:00:00]} 2. Nf3 {[%emt 0:00:11]} d6 {[%emt 0:00:00]} 3. d4 {[%emt 0:00:03]} cxd4 {[%emt 0:00:00]} 4. Nxd4 {[%emt 0:00:02]} Nf6 {[%emt 0:00:03]} 5. Nc3 {[%emt 0:00:04]} a6 {[%emt 0:00:06]} 6. h3 {[%emt 0:00:04]} e6 {[%emt 0:01:45]} 7. g4 {[%emt 0:00:04]} h6 {[%emt 0:00:03]} 8. Bg2 {[%emt 0:00:05]} g5 9. Be3 {[%emt 0:11:48]} Nbd7 {[%emt 0:00:18]} 10. Qd2 {[%emt 0:03:02]} Ne5 {[%emt 0:00:21]} 11. b3 b5 {[%emt 0:12:07]} 12. O-O-O {[%emt 0:07:20]} Bb7 {[%emt 0:00:34]} 13. f4 {[%emt 0:01:55]} gxf4 {[%emt 0:00:04]} 14. Bxf4 {[%emt 0:00:03]} Rc8 {[%emt 0:04:49]} 15. Rhe1 {[%emt 0:14:04]} Qa5 {[%emt 0:20:35]} 16. Re3 {[%emt 0:05:23]} b4 {[%emt 0:09:01]} 17. Na4 {[%emt 0:07:16]} Nfd7 {[%emt 0:00:59]} 18. a3 Nc4 19. bxc4 {[%emt 0:08:49]} Qxa4 {[%emt 0:00:35]} 20. Nf5 bxa3 {[%emt 0:09:04]} 21. Nxd6+ {[%emt 0:03:55]} Bxd6 {[%emt 0:00:54]} 22. Bxd6 {[%emt 0:01:09]} a2 {[%emt 0:01:57]} 23. Kb2 {[%emt 0:02:33]} Rxc4 {[%emt 0:22:28]} 24. Rb3 {[%emt 0:04:32]} Rd4 25. Qc3 {[%emt 0:00:10]} Rxd6 {[%emt 0:03:15]} 26. Qxh8+ {[%emt 0:00:52]} Ke7 {[%emt 0:02:13]} 27. Ra1 {[%emt 0:02:03]} Nb6 {[%emt 0:05:08]} 28. Bf1 {[%emt 0:01:23]} Qxe4 29. Bd3 Na4+ {[%emt 0:04:32]} 30. Ka3 {[%emt 0:00:48]} Qc6 31. Rf1 {[%emt 0:08:17]} a1=Q+ {[%emt 0:01:57]} 32. Qxa1 {[%emt 0:00:16]} Qc5+ {[%emt 0:01:55]} 33. Ka2 Rd7 {[%emt 0:00:04]} 34. Qf6+ {[%emt 0:02:00]} Ke8 {[%emt 0:01:35]} 35. Bg6 {[%emt 0:02:06]} Qe7 {[%emt 0:00:07]} 36. Bxf7+ {[%emt 0:03:16]} Kd8 37. Bxe6 Qxf6 {[%emt 0:01:27]} 38. Rxf6 {[%emt 0:00:31]} Re7 {[%emt 0:00:00]} 39. Rd3+ {[%emt 0:00:30]} Kc7 {[%emt 0:00:10]} 40. Rxh6 {[%emt 0:00:21]} Nc5 {[%emt 0:00:32]} 41. Rc3 {[%emt 0:00:22]} Kb6 42. Bc8+ 1-0

[Event "XLV Badalona Open 2019"]
[Site "Badalona"]
[Date "2019.08.06"]
[Round "5.2"]
[White "Rojas Keim, Luis"]
[Black "Oliva Castaneda, Kevel"]
[Result "1/2-1/2"]
[WhiteElo "2338"]
[BlackElo "2467"]
[Annotator "ChessBase"]
[PlyCount "72"]
[EventDate "2019.08.02"]
[EventType "swiss"]
[EventCountry "ESP"]
[SourceTitle "playchess.com"]
[Source "ChessBase"]
[SourceQuality "1"]
[TimeControl "5400+30"]

1. e4 {[%emt 0:00:00]} c5 2. Nf3 d6 {[%emt 0:00:00]} 3. d4 {[%emt 0:00:00]} cxd4 {[%emt 0:00:00]} 4. Qxd4 {[%emt 0:00:00]} Nf6 {[%emt 0:00:02]} 5. Bg5 {[%emt 0:00:00]} Nc6 6. Bb5 {[%emt 0:00:13]} Qa5+ {[%emt 0:02:55]} 7. Nc3 Qxb5 {[%emt 0:00:06]} 8. Nxb5 {[%emt 0:00:33]} Nxd4 {[%emt 0:00:24]} 9. Nfxd4 {[%emt 0:03:55]} Kd8 {[%emt 0:04:42]} 10. f3 {[%emt 0:00:29]} a6 {[%emt 0:01:58]} 11. Nc3 {[%emt 0:00:29]} e6 {[%emt 0:01:38]} 12. O-O-O {[%emt 0:07:19]} Kc7 {[%emt 0:04:01]} 13. Nb3 {[%emt 0:03:11]} Be7 {[%emt 0:00:57]} 14. Bf4 {[%emt 0:07:57]} Nd7 {[%emt 0:00:19]} 15. Rd2 {[%emt 0:01:47]} Ne5 {[%emt 0:09:38]} 16. Rhd1 {[%emt 0:14:45]} Rd8 {[%emt 0:02:07]} 17. Bg3 {[%emt 0:03:27]} b5 {[%emt 0:09:07]} 18. Na5 {[%emt 0:08:53]} h5 {[%emt 0:05:08]} 19. a4 h4 {[%emt 0:00:05]} 20. Bxe5 {[%emt 0:02:22]} dxe5 {[%emt 0:00:05]} 21. Rxd8 {[%emt 0:00:26]} Bxd8 22. axb5 {[%emt 0:00:05]} Bg5+ {[%emt 0:00:36]} 23. Kb1 axb5 24. b4 {[%emt 0:07:54]} Bd7 {[%emt 0:00:36]} 25. Kb2 {[%emt 0:00:20]} h3 {[%emt 0:02:21]} 26. g3 {[%emt 0:02:10]} Be3 {[%emt 0:02:15]} 27. Ne2 {[%emt 0:02:00]} Bb6 {[%emt 0:04:12]} 28. Nb3 {[%emt 0:04:54]} f5 {[%emt 0:00:47]} 29. exf5 {[%emt 0:01:26]} exf5 30. Nc5 {[%emt 0:00:02]} Bxc5 {[%emt 0:06:02]} 31. bxc5 {[%emt 0:04:59]} Bc6 {[%emt 0:03:00]} 32. Ng1 {[%emt 0:02:48]} Ra4 {[%emt 0:01:52]} 33. Re1 {[%emt 0:00:14]} Rb4+ {[%emt 0:01:15]} 34. Kc1 {[%emt 0:00:12]} Ra4 35. Kb2 {[%emt 0:00:06]} Rb4+ {[%emt 0:04:19]} 36. Kc1 Ra4 1/2-1/2

[Event "XLV Badalona Open 2019"]
[Site "Badalona"]
[Date "2019.08.06"]
[Round "5.3"]
[White "Cu Hor, Winston Darwin"]
[Black "Perez Mitjans, Orelvis"]
[Result "1/2-1/2"]
[WhiteElo "2335"]
[BlackElo "2416"]
[Annotator "NA"]
[PlyCount "60"]
[EventDate "2019.08.02"]
[EventType "swiss"]
[EventCountry "ESP"]
[SourceTitle "playchess.com"]
[Source "ChessBase"]
[SourceQuality "1"]
[TimeControl "5400+30"]

1. Nf3 {[%emt 0:02:44]} g6 {[%emt 0:00:00]} 2. g3 {[%emt 0:00:30]} Bg7 {[%emt 0:00:00]} 3. Bg2 {[%emt 0:00:00]} e5 {[%emt 0:00:00]} 4. d3 {[%emt 0:00:16]} d5 {[%emt 0:00:09]} 5. O-O {[%emt 0:00:43]} Ne7 {[%emt 0:00:51]} 6. c4 O-O {[%emt 0:00:05]} 7. cxd5 {[%emt 0:01:13]} Nxd5 {[%emt 0:03:27]} 8. Nc3 {[%emt 0:01:42]} Ne7 {[%emt 0:00:28]} 9. Bd2 {[%emt 0:04:00]} Nbc6 {[%emt 0:12:30]} 10. a3 {[%emt 0:02:30]} a5 {[%emt 0:03:27]} 11. Rb1 {[%emt 0:01:54]} h6 {[%emt 0:00:04]} 12. b4 {[%emt 0:00:08]} axb4 {[%emt 0:09:05]} 13. axb4 {[%emt 0:02:58]} Nd4 {[%emt 0:02:01]} 14. b5 {[%emt 0:04:24]} Be6 {[%emt 0:00:05]} 15. Nxd4 {[%emt 0:00:30]} exd4 {[%emt 0:05:11]} 16. Ne4 {[%emt 0:04:27]} b6 {[%emt 0:00:26]} 17. Bb4 {[%emt 0:03:03]} Re8 {[%emt 0:01:01]} 18. Bxe7 {[%emt 0:03:51]} Rxe7 {[%emt 0:00:00]} 19. Ra1 Rxa1 {[%emt 0:06:12]} 20. Qxa1 {[%emt 0:01:09]} Bd5 {[%emt 0:05:44]} 21. Bf3 f5 {[%emt 0:00:06]} 22. Nd2 {[%emt 0:06:26]} Bxf3 {[%emt 0:06:18]} 23. exf3 {[%emt 0:08:07]} Qd5 {[%emt 0:15:40]} 24. Qb2 {[%emt 0:03:29]} Kh7 {[%emt 0:08:55]} 25. Rc1 {[%emt 0:09:26]} h5 {[%emt 0:07:41]} 26. Qb4 {[%emt 0:07:00]} Bf6 {[%emt 0:02:48]} 27. f4 {[%emt 0:00:41]} h4 {[%emt 0:00:08]} 28. Qc4 {[%emt 0:01:44]} Qa8 {[%emt 0:00:13]} 29. Qc6 {[%emt 0:04:52]} Qa3 {[%emt 0:00:11]} 30. Kg2 {[%emt 0:02:49]} Kg7 {[%emt 0:00:31]} 1/2-1/2

[Event "XLV Badalona Open 2019"]
[Site "Badalona"]
[Date "2019.08.06"]
[Round "5.4"]
[White "Becerra, Juan David"]
[Black "Umetsubo, Cesar Hidemitsu"]
[Result "0-1"]
[WhiteElo "2327"]
[BlackElo "2406"]
[Annotator "NA"]
[PlyCount "86"]
[EventDate "2019.08.02"]
[EventType "swiss"]
[EventCountry "ESP"]
[SourceTitle "playchess.com"]
[Source "ChessBase"]
[SourceQuality "1"]
[TimeControl "5400+30"]

1. e4 {[%emt 0:06:44]} e5 {[%emt 0:00:00]} 2. Nf3 {[%emt 0:01:20]} Nf6 {[%emt 0:00:00]} 3. Nc3 {[%emt 0:01:25]} Nc6 {[%emt 0:00:18]} 4. Bb5 {[%emt 0:00:21]} Bb4 {[%emt 0:00:30]} 5. O-O {[%emt 0:00:27]} O-O {[%emt 0:00:01]} 6. d3 {[%emt 0:01:31]} d6 {[%emt 0:00:31]} 7. Bg5 {[%emt 0:00:07]} Bxc3 {[%emt 0:00:30]} 8. bxc3 {[%emt 0:00:30]} Qe7 {[%emt 0:00:41]} 9. h3 {[%emt 0:12:52]} Nd8 {[%emt 0:01:19]} 10. Be3 {[%emt 0:05:27]} Ne6 {[%emt 0:04:35]} 11. Kh2 {[%emt 0:01:22]} c5 {[%emt 0:15:17]} 12. Bc4 {[%emt 0:16:05]} Nc7 {[%emt 0:01:54]} 13. a4 {[%emt 0:06:58]} Bd7 {[%emt 0:03:37]} 14. Qd2 {[%emt 0:01:30]} b6 {[%emt 0:05:17]} 15. Bg5 {[%emt 0:07:20]} Be6 {[%emt 0:09:23]} 16. Nh4 {[%emt 0:05:23]} h6 {[%emt 0:00:12]} 17. Bxf6 {[%emt 0:01:18]} Qxf6 {[%emt 0:10:57]} 18. Bxe6 {[%emt 0:00:19]} fxe6 {[%emt 0:12:12]} 19. g3 {[%emt 0:04:50]} Qg5 {[%emt 0:00:30]} 20. Qe2 {[%emt 0:01:47]} Rf7 {[%emt 0:01:34]} 21. Ng2 {[%emt 0:00:20]} Raf8 {[%emt 0:01:23]} 22. h4 {[%emt 0:00:29]} Qf6 {[%emt 0:04:15]} 23. h5 {[%emt 0:04:18]} a6 {[%emt 0:07:07]} 24. Kg1 {[%emt 0:00:46]} Qg5 {[%emt 0:00:52]} 25. Nh4 {[%emt 0:04:07]} Rb8 {[%emt 0:00:11]} 26. Ng6 {[%emt 0:00:30]} Ne8 {[%emt 0:00:44]} 27. Kg2 {[%emt 0:00:56]} Nf6 {[%emt 0:02:00]} 28. Rh1 {[%emt 0:08:55]} Kh7 {[%emt 0:01:10]} 29. d4 Nxh5 {[%emt 0:00:02]} 30. Rxh5 {[%emt 0:02:08]} Qxg6 {[%emt 0:02:45]} 31. dxe5 {[%emt 0:02:01]} Rbf8 {[%emt 0:02:02]} 32. Rf1 {[%emt 0:03:01]} dxe5 {[%emt 0:07:20]} 33. a5 {[%emt 0:00:25]} Rf3 {[%emt 0:03:52]} 34. Rh4 {[%emt 0:00:50]} b5 {[%emt 0:00:12]} 35. c4 {[%emt 0:00:18]} b4 {[%emt 0:00:05]} 36. Qxf3 {[%emt 0:00:03]} Rxf3 {[%emt 0:00:25]} 37. Kxf3 {[%emt 0:00:24]} Qf6+ {[%emt 0:00:10]} 38. Ke2 {[%emt 0:00:13]} Qd8 {[%emt 0:00:07]} 39. Rd1 {[%emt 0:01:38]} Qxa5 {[%emt 0:00:19]} 40. Rd6 {[%emt 0:00:23]} Qa2 {[%emt 0:01:22]} 41. Kf3 {[%emt 0:00:34]} Qxc2 {[%emt 0:00:40]} 42. Rxe6 b3 {[%emt 0:00:18]} 43. Re7 {[%emt 0:01:03]} b2 0-1

[Event "XLV Badalona Open 2019"]
[Site "Badalona"]
[Date "2019.08.06"]
[Round "5.5"]
[White "Munoz, Miguel"]
[Black "Lorenzo De La Riva, Lazaro"]
[Result "1/2-1/2"]
[WhiteElo "2511"]
[BlackElo "2373"]
[Annotator "ChessBase"]
[PlyCount "65"]
[EventDate "2019.08.02"]
[EventType "swiss"]
[EventCountry "ESP"]
[SourceTitle "playchess.com"]
[Source "ChessBase"]
[SourceQuality "1"]
[TimeControl "5400+30"]

1. e4 {[%emt 0:06:50]} c5 {[%emt 0:00:00]} 2. Nf3 Nf6 {[%emt 0:00:00]} 3. e5 {[%emt 0:02:28]} Nd5 {[%emt 0:00:35]} 4. Nc3 {[%emt 0:00:00]} Nxc3 {[%emt 0:00:27]} 5. dxc3 {[%emt 0:00:19]} e6 {[%emt 0:03:52]} 6. Bd3 {[%emt 0:01:36]} Nc6 {[%emt 0:03:10]} 7. O-O {[%emt 0:00:40]} h6 {[%emt 0:01:24]} 8. Qe2 {[%emt 0:01:04]} Qc7 {[%emt 0:10:04]} 9. Bf4 {[%emt 0:01:57]} b6 {[%emt 0:03:38]} 10. Nd2 {[%emt 0:00:14]} g5 {[%emt 0:05:34]} 11. Bg3 {[%emt 0:01:15]} h5 {[%emt 0:05:05]} 12. h3 {[%emt 0:08:00]} Bb7 {[%emt 0:01:54]} 13. a3 {[%emt 0:01:47]} O-O-O {[%emt 0:07:02]} 14. Nc4 {[%emt 0:11:01]} Kb8 {[%emt 0:06:46]} 15. a4 {[%emt 0:01:41]} Be7 {[%emt 0:00:49]} 16. Rfd1 {[%emt 0:00:05]} h4 {[%emt 0:00:23]} 17. Bh2 {[%emt 0:01:03]} g4 {[%emt 0:00:16]} 18. hxg4 {[%emt 0:02:18]} h3 {[%emt 0:00:26]} 19. Be4 {[%emt 0:02:53]} hxg2 {[%emt 0:14:05]} 20. Bg3 {[%emt 0:03:07]} Ba6 {[%emt 0:06:04]} 21. Kxg2 {[%emt 0:18:22]} Bh4 {[%emt 0:05:43]} 22. Bh2 {[%emt 0:01:22]} Bxc4 {[%emt 0:00:11]} 23. Qxc4 {[%emt 0:01:40]} Bxf2 {[%emt 0:09:25]} 24. Bf4 {[%emt 0:01:21]} f5 {[%emt 0:11:39]} 25. Bxf5 {[%emt 0:17:00]} Na5 {[%emt 0:00:49]} 26. Qd3 exf5 {[%emt 0:00:05]} 27. Kxf2 {[%emt 0:01:29]} fxg4 {[%emt 0:03:06]} 28. Qd6 Qxd6 29. Rxd6 {[%emt 0:09:43]} Nc4 30. Rf6 Nxb2 31. a5 Kb7 32. a6+ Kc8 33. Rg1 1/2-1/2

[Event "XLV Badalona Open 2019"]
[Site "Badalona"]
[Date "2019.08.06"]
[Round "5.6"]
[White "Anuj Shrivatri"]
[Black "Pena Gomez, Manuel"]
[Result "1/2-1/2"]
[WhiteElo "2372"]
[BlackElo "2500"]
[Annotator "ChessBase"]
[PlyCount "41"]
[EventDate "2019.08.02"]
[EventType "swiss"]
[EventCountry "ESP"]
[SourceTitle "playchess.com"]
[Source "ChessBase"]
[SourceQuality "1"]
[TimeControl "5400+30"]

1. d4 {[%emt 0:00:39]} Nf6 {[%emt 0:05:36]} 2. c4 {[%emt 0:00:13]} g6 {[%emt 0:00:06]} 3. Nf3 {[%emt 0:00:04]} Bg7 4. g3 {[%emt 0:00:04]} O-O {[%emt 0:01:11]} 5. Bg2 {[%emt 0:00:06]} d6 6. O-O {[%emt 0:00:05]} Nc6 {[%emt 0:01:48]} 7. Nc3 e5 {[%emt 0:01:36]} 8. dxe5 {[%emt 0:00:35]} dxe5 {[%emt 0:01:05]} 9. Bg5 {[%emt 0:00:00]} Be6 {[%emt 0:16:55]} 10. Nd5 {[%emt 0:00:03]} Bxd5 11. Bxf6 {[%emt 0:00:08]} Qxf6 {[%emt 0:01:45]} 12. cxd5 {[%emt 0:01:54]} Ne7 {[%emt 0:10:32]} 13. e4 {[%emt 0:00:09]} c6 {[%emt 0:00:42]} 14. dxc6 {[%emt 0:00:12]} Nxc6 {[%emt 0:01:08]} 15. Qb3 {[%emt 0:00:39]} Qe7 {[%emt 0:01:36]} 16. Rfd1 {[%emt 0:03:22]} Rfd8 {[%emt 0:09:38]} 17. Bf1 {[%emt 0:07:10]} Rac8 {[%emt 0:00:50]} 18. Bh3 {[%emt 0:00:22]} Rb8 {[%emt 0:04:39]} 19. Bf1 Rbc8 20. Bh3 {[%emt 0:01:09]} Rb8 {[%emt 0:00:32]} 21. Bf1 1/2-1/2